| 000 | 00620nam a2200217Ia 4500 | ||
|---|---|---|---|
| 003 | OSt | ||
| 005 | 20230607181700.0 | ||
| 008 | 210423s2003 xx 000 0 und d | ||
| 040 | _cAL | ||
| 041 | _aeng | ||
| 082 |
_a323 _223 _bLDCD |
||
| 100 |
_aLibrary & documentation centre _9115934 |
||
| 245 | _aDocumentation on human right and development | ||
| 260 |
_aChennai _bLiberty & documentation centre _c2003 |
||
| 300 | _a1,344 | ||
| 365 | _cINR | ||
| 650 |
_aCivil & Political Rights _9115935 |
||
| 650 |
_aPolitical Science _9115936 |
||
| 906 | _adevelopment ; Documentation ; human ; right | ||
| 942 |
_2ddc _cBK |
||
| 999 |
_c175367 _d175367 |
||